| LEADER 00000nama 2200000uu 4500 |
| 008 040531s|||| th m m a000 0 tha d |
| 020 978-616-11-0220-3 |
| 041 tha |
| 050 WM274 บ892 2553 |
| 100 Babor,Thormas F. |
| 245 แบบประเมินปัญหาการดื่มสุรา : แนวปฏิบัติสำหรับสถานพยาบาลปฐมภูมิ = Audit /Thomas F.Babor...[และคนอื่นๆ]. |
| 250 พิมพ์ครั้งที่ 2. |
| 260 กรุงเทพฯ. ทานตะวันเปเปอร์. 2553. |
| 300 38 หน้า. |
| 500 หนังสือบริจาค. |
| 600 I.พันธุ์นภา กิตติรัตน์ไพบูลย์,ผู้แปล II.แผนงานการพัฒนาระบบ รูปแบบและวิธีการบำบัดรักษาผู้ที่มีปัญหาการยริโภคสุราแบบบูรณาการ III.ปริทัศน์ ศิลปกิจ,ผู้แปล IV.Babor,Thomas F. |
| 650 1.คนดื่มสุรา--การประเมิน--มาตรฐาน 2 พิศสุราเรื้อรัง--การวินิจฉัย--การประเมิน--มาตรฐาน. |
| 995 001 |